000 02660nam0a2200361 4500
001 RU\NLR\BIBL_A\011347550
005 20240921231448.0
010 _a9785262007752
_950
021 _aRU
_b2017-10434
_91742
021 _aRU
_b2017-10434
_9770
035 _a(RuMoRGB)008797817
035 _a(NLR Aleph) 011347550
090 _a11226611
_c11226611
100 _a20170316d2016 k y0rusy50 ca
101 0 _arus
102 _aRU
105 _ay|||z|||000zy
200 1 _aРазвитие местного самоуправления на Дальнем Востоке России: историко-правовой и социологический аспекты
_eмонография
_fС.Г. Дырда
_gМинистерство транспорта Российской Федерации, Федеральное агентство железнодорожного транспорта, Федеральное государственное бюджетное образовательное учреждение высшего образования "Дальневосточный государственный университет путей сообщения"
210 _aХабаровск
_cИзд-во ДВГУПС
_d2016
215 _a152 с.
_d20
320 _aБиблиогр.: с. 143-152 (139 назв.) и в подстроч. примеч.
606 1 _aМестное самоуправление
_xИстория
_yРоссия
_yДальний Восток
_92286093
_3RU\NLR\AUTH\661369389
606 _aГосударство и право. Юридические науки -- Государственное (конституционное) право -- Российская Федерация -- Органы государства -- Органы местного самоуправления -- Органы местного самоуправления отдельных территорий -- Дальний Восток
_2rubbk
606 _aСоциология -- Социальные подсистемы -- Научное управление обществом -- Система и процесс управления. Управление как комплекс функций -- Объективные условия и субъективный фактор в управлении
_2rubbk
686 _aХ620.612.299(54),0
_2rubbk
686 _aС556.372.2,0
_2rubbk
686 1 _aХ2(2Р55)5-523
686 1 _aХ621.011.29(2Р55)
700 1 _aДырда
_bС. Г.
_gСергей Герасимович
942 _cBOOK
980 _aNBR